LEADER 03718nam 2200457 450 001 9910478935903321 005 20220110184619.0 010 $a84-1324-226-6 035 $a(CKB)4100000008603661 035 $a(OCoLC)1107444216 035 $a(NyNyDIG)DIGDYK1523 035 $a(MiAaPQ)EBC6483989 035 $a(Au-PeEL)EBL6483989 035 $a(MiAaPQ)EBC6733654 035 $a(Au-PeEL)EBL6733654 035 $a(OCoLC)1276856831 035 $a(EXLCZ)994100000008603661 100 $a20201204d2019 uy 0 101 0 $aspa 135 $aur||||||||||| 181 $ctxt$2rdacontent 182 $cc$2rdamedia 183 $acr$2rdacarrier 200 00$aAplicaciones de intervencio?n en actividad fi?sica adaptada /$feditores, Jose? Gallego Antonio, Adolfo J. Cangas Di?az, Jose? Manuel Aguilar-Parra ; [autores] Alba Rolda?n Romero [and 34 others] 210 1$aMadrid :$cDykinson, S.L.,$d[2019] 215 $a1 online resource 311 $a84-1324-166-9 327 $aENSEÑAR DERECHO EN LA REPÍUBLICA: LA FACULTAD DE MADRD (1931-1939) -- PÁGINA LEGAL -- SUMARIO -- TABLA DE ABREVIATURAS -- PRESENTACIÓN -- I LA FACULTAD DE DERECHO,ESPEJO DEL CONFLICTO POLÍTICO -- 1. Los días de la proclamación -- 2. Tensión en las aulas -- 3. La actividad política -- II LOS PLANES DE ESTUDIO -- 1. El plan de estudios vigente el 14 de abril -- 2. El plan de estudios provisional -- III LAS CÁTEDRAS DE LA LICENCIATURA EN DERECHO -- 1. Introducción -- 2. La cátedra de Derecho -- 3. La cátedra de Economía -- 4. La cátedra de Historia -- 5. La cátedra de Derecho -- 7. Las tres cátedras de Derecho -- 8. La cátedra de Derecho administrativo -- 9. La cátedra de Derecho penal -- 10. Las cátedras de Derecho internacional -- 11. La cátedra de Derecho -- 12. La cátedra de Hacienda -- 13. La cátedra de Derecho -- 14. La cátedra de Filosofía del derecho -- IV LAS CÁTEDRAS DEL DOCTORADO -- 1. El doctorado en derecho durante -- 2. Las cátedras del doctorado -- V ENCARGADOS, AUXILIARES Y AYUDANTES DE CÁTEDRA DURANTE LA II REPÚBLICA -- 1. La estructura del profesorado -- 2. Los encargados -- 3. Los profesores auxiliares -- 4. Algunas noticias sobre las auxiliarías del doctorado -- 5. Los profesores ayudantes de clases -- VI LOS ALUMNOS DE LA FACULTAD DE DERECHO -- 1. Los alumnos de la Universidad -- 2. Hacia una modernización de la enseñanza durante -- 3. La participación de los alumnos -- 4. Las aulas como un espacio -- VII EL VIEJO CASERÓN DE SAN BERNARDOY EL PROYECTO DE LA CIUDAD UNIVERSITARIA -- 1. Algunos antecedentes -- 2. El proyecto de creación de una nueva Facultad de Derecho -- VIII EL GOBIERNO DE LA FACULTAD DE DERECHO -- 1. Los órganos de gobierno -- 2. La junta de facultad como órgano esencial de -- 3. Las actas de la junta de facultad del periodo -- 4. El decano y otros órganos de gobierno. 327 $aIX LOS PROFESORES Y LA FACULTAD DE DERECHODURANTE LA GUERRA CIVIL -- 1. El verano del 36 -- 2. Algunos intentos para recuperar la normalidad -- 3. El traslado de la Universidad -- 4. Los catedráticos de la Facultad de Derecho -- 5. Los profesores auxiliares y ayudantes -- EPÍLOGO -- BIBLIOGRAFÍA -- APÉNDICE DOCUMENTAL -- PROGRAMA HISTORIA DEL DERECHO PUBLICACIONES. 606 $aPhysical education for people with disabilities 608 $aElectronic books. 615 0$aPhysical education for people with disabilities. 676 $a371.904486 702 $aGallego Antonio$b Jose? 702 $aRolda?n Romero$b Alba 801 0$bDGITA 801 1$bDGITA 906 $aBOOK 912 $a9910478935903321 996 $aAplicaciones de intervencio?n en actividad fi?sica adaptada$92445593 997 $aUNINA LEADER 01471nam 2200361Ia 450 001 996394226703316 005 20221108025207.0 035 $a(CKB)4940000000117663 035 $a(EEBO)2248495566 035 $a(OCoLC)13718693 035 $a(EXLCZ)994940000000117663 100 $a19860611d1686 uy | 101 0 $aeng 135 $aurbn||||a|bb| 200 12$aA relation of the conference between William Laud, Late Lord Arch-Bishop of Canterbury, and Mr. Fisher the Jesuit$b[electronic resource] $eby the command of King James of ever blessed memory : with an answer to such exceptions as A.C. takes against it 205 $aThe fourth edition revised$bwith a table annexed. 210 $aLondon $cPrinted by Ralph Holt for Thomas Bassett, Thomas Dring ... and John Leigh$d1686 215 $a[14], 253, [13] p 300 $a"A.C." [A Catholic] may be John Sweet. Cf. BM, v. 31, col. 377. 300 $aReproduction of original in Union Theological Seminary Library, New York. 320 $aIncludes bibliographical references. 330 $aeebo-0160 700 $aLaud$b William$f1573-1645.$0795895 701 $aFisher$b John$f1569-1641.$01007703 801 0$bEAA 801 1$bEAA 801 2$bm/c 801 2$bEAA 801 2$bWaOLN 906 $aBOOK 912 $a996394226703316 996 $aA relation of the conference between William Laud, Late Lord Arch-Bishop of Canterbury, and Mr. Fisher the Jesuit$92360927 997 $aUNISA LEADER 00863nam a2200229 i 4500 001 991000739229707536 008 100520s1991 nyuab b 001 0 eng 020 $a0195113748 035 $ab13903950-39ule_inst 040 $aBiblioteca Interfacoltà$bita 082 04$a690.0932 100 1 $aArnold, Dieter$0473062 245 10$aBuilding in Egypt :$bpharaonic stone masonry /$cDieter Arnold 260 $aNew York :$bOxford University Press,$c1991 300 $aIX, 316 p. :$bill., mappe ;$c29 cm. 650 4$aEdilizia$zEgitto antico 907 $a.b13903950$b02-04-14$c20-05-10 912 $a991000739229707536 945 $aLE002 Museo Papirologico BELT 930.1 ARN$g1$i2002000611840$lle002$o-$pE45.00$q-$rn$so $t0$u0$v0$w0$x0$y.i15132274$z20-05-10 996 $aBuilding in Egypt$9227174 997 $aUNISALENTO 998 $ale002$b20-05-10$cm$da $e-$feng$gnyu$h0$i0